A modern-kór tünetek és ellenszerek : öt beszélgetés Jean Renaud-val
Elmentve itt :
| Szerző: | |
|---|---|
| További közreműködők: | |
| Adatforrás: | Philobibl |
| Dokumentumtípus: | Könyv |
| Nyelv: | magyar |
| Kulcsszavak: | kultúrfilozófia modrenizmus filozófia, amerikai Renaud, Jean |
| Megjelent: |
Budapest
Kairosz
2008
|
| LEADER | 00524nam a2200169 c 4500 | ||
|---|---|---|---|
| 001 | bibPHI0035905 | ||
| 005 | 20200924123549.7 | ||
| 008 | 091116s2008 hu hun | ||
| 100 | 1 | |a Molnár Tamás | |
| 245 | 1 | 2 | |a A modern-kór |b tünetek és ellenszerek : öt beszélgetés Jean Renaud-val |c Molnár Tamás ; [ford. Turgonyi Zoltán] |
| 260 | |a Budapest |b Kairosz |c 2008 | ||
| 300 | |a 157 p. | ||
| 695 | |a kultúrfilozófia | ||
| 695 | |a modrenizmus | ||
| 695 | |a filozófia, amerikai | ||
| 695 | |a Renaud, Jean | ||
| 700 | 1 | |a Turgonyi Zoltán | |